Nothing but the truth (Record no. 78652)

MARC details
000 -LEADER
fixed length control field 01048cab a22002175a 4500
001 - CONTROL NUMBER
control field L137532
008 - FIXED-LENGTH DATA ELEMENTS--GENERAL INFORMATION
fixed length control field 070413e20070324xxk f g 000 0 eng d
035 ## - SYSTEM CONTROL NUMBER
System control number (Sirsi) u137532
041 0# - LANGUAGE CODE
Language code of text/sound track or separate title eng
100 1# - MAIN ENTRY--PERSONAL NAME
Personal name Dale, Geoffrey
245 00 - TITLE STATEMENT
Title Nothing but the truth
260 ## - PUBLICATION, DISTRIBUTION, ETC.
Date of publication, distribution, etc. 2007
490 ## - SERIES STATEMENT
Series statement Estates Gazette
Volume/sequential designation (0712) 24 March 2007, 146-148(3)
520 ## - SUMMARY, ETC.
Summary, etc. Reports on the Court of Appeal decision Meadow v General Medical Council ([2006] EWCA Civ 1390) which gave clear guidance regarding the duties of professionals acting as expert witnesses and the sanctions available for breach of those duties. The case related to medical evidence, but the judicial comments and conclusions also apply to property professionals when acting as expert witnesses in court proceedings, arbitration or expert determination. See also L135561
590 ## - LOCAL NOTE (RLIN)
Local note KA
650 24 - SUBJECT ADDED ENTRY--TOPICAL TERM
Topical term or geographic name entry element MEADOW V GENERAL MEDICAL COUNCIL
651 #4 - SUBJECT ADDED ENTRY--GEOGRAPHIC NAME
Geographic name England and Wales
Chronological subdivision 1543-
690 ## - LOCAL SUBJECT ADDED ENTRY--TOPICAL TERM (OCLC, RLIN)
Topical term or geographic name as entry element MANAGEMENT-BUSINESS MANAGEMENT-PROFESSIONAL PRACTICE
700 1# - ADDED ENTRY--PERSONAL NAME
Personal name Bradford, Katie
942 ## - ADDED ENTRY ELEMENTS (KOHA)
Suppress in OPAC 0
Holdings
Withdrawn status Lost status Source of classification or shelving scheme Damaged status Not for loan Home library Current library Shelving location Date acquired Total Checkouts Full call number Barcode Date last seen Copy number Price effective from Koha item type
    Dewey Decimal Classification     London London Journal article 13/04/2007   L137532 137532-1001 06/08/2019 1 06/08/2019 Journal article